Diccionario geográfico universal
Guardat en:
| Autor principal: | |
|---|---|
| Format: | Llibre |
| Idioma: | espanyol |
| Publicat: |
Ciudad de México
Academia Mexicana
1997
|
| Edició: | 1a. ed |
| Matèries: | |
| Etiquetes: |
Afegir etiqueta
Sense etiquetes, Sigues el primer a etiquetar aquest registre!
|
MARC
| LEADER | 00000cam a2200000 a 4500 | ||
|---|---|---|---|
| 001 | UCQ2586 | ||
| 003 | CL-VaPUC | ||
| 008 | 980724e19970000MX |||||||||||||||||spa|d | ||
| 020 | |a 9681650131 | ||
| 082 | 0 | 4 | |a 910.03 |b GOM |2 21 |
| 100 | |a Gómez de Silva, Guido |e author |9 471728 | ||
| 245 | 1 | 0 | |a Diccionario geográfico universal |
| 250 | |a 1a. ed | ||
| 300 | |a 566 p | ||
| 942 | |c BK | ||
| 945 | |d 19980724 00:00:00 |a aarredon | ||
| 260 | |a Ciudad de México |b Academia Mexicana |c 1997 | ||
| 650 | 0 | |a Geografía |9 259346 | |
| 650 | 0 | |a Diccionarios |9 256200 | |
| 583 | |a last modification |c 20140331 07:18:02 |k Rodrigo Vera | ||
| 999 | |c 273387 |d 273385 | ||
| 952 | |0 0 |1 0 |4 0 |6 910_030000000000000_GOM_1997 |7 0 |8 A |9 308903 |a BIBING |b BIBING |d 2019-11-20 |i 3446247 |o 910.03 GOM 1997 |p 3446247 |r 2025-01-20 |w 2019-11-20 |y BK |k GEO | ||
| 952 | |0 0 |1 0 |3 erd |4 0 |6 910_030000000000000_GOM_1997 |7 0 |8 A |9 308904 |a BIBING |b BIBING |i 5065720 |o 910.03 GOM 1997 |p 5065720 |r 2025-01-20 |w 2019-11-20 |y BK |z Catalogado en:20140407 |k GEO | ||